000 00301nam a22001337a 4500
003 SGT
020 _a92-4-154204-7
082 _a615.19
_bP08A
100 _aW.H.O,AITBS
245 _aBASIC FOR PHARMACEUTICAL SUBSTANCE
260 _aNEW DELHI
_bAITBS PUB
_c2008
650 _aAYURVEDA
942 _2ddc
_cBK
999 _c14897
_d14897